000 01738nam a22001577a 4500
041 _aukr
080 _a09
090 _bШЕВ
100 _aШевчук К. В.
245 _aОбраз митця у новітній англійській та німецькій літературі (на основі творів В. Блейка, Ф. Ніцше, П. Зюскінда)
260 _aОстрог
_bКАФ
_c2014
300 _a79
520 _aВступ. Розділ І. Образ митця крізь призму епох. 1.1. Два типи особистості у епоху Романтизму 1.2. Модернізм. Перша критика образу митця 1.3. Національна специфіка Постмодернізму. Жанрова та стилістична особливість пєси-монологу 1.3.1. Традиційне письмо в епоху експерементів 1.3.2. Монолог-звертання, що не потребує відповіді Розділ ІІ. Еволюція образу митця. 2.1. Творча бінарність митця у збірці "Пісні досвіду та невинності" 2.2. Стан хронологічного спяніння життям за Ф. Ніцше 2.3. Музика як механізм впливу 2.3.1. Звукословник персонажа пєси за теорією інтонацій Б. Асафєва 2.3.2. Проблема творчої особистості Висновки. Список використаних джерел. Додатки.
_0Романтизм, Модернізм, Постмодернізм
650 _aResearch Papers
999 _c285385
_d285385
942 _cBK